000
00292nam a22001337a 4500
999
_c
8620
_d
8620
003
OSt
005
20191105165245.0
008
191105b ||||| |||| 00| 0 eng d
040
_c
DDC
082
_a
266.009
100
_a
Christudas, D.
245
_a
Tranquebar to Travancore
942
_2
ddc
_c
BK